Advanced calculus of several variables

Spremljeno u:
Bibliografski detalji
Glavni autor: Edwards, Charles Henry (Autor)
Format: Knjiga
Jezik:engleski
Izdano: Nueva York Dover Publications, Inc. 1973
Izdanje:1a. ed
Serija:Dover Books on Mathematics
Teme:
Oznake: Dodaj oznaku
Bez oznaka, Budi prvi tko označuje ovaj zapis!

MARC

LEADER 00000cam a2200000 a 4500
001 UCE9922
003 CL-VaPUC
008 151112e19730000us |||||||||||||||||eng|d
020 |a 9780486683362 
082 0 4 |a 515.2  |b EDW  |2 21 
100 0 |a Edwards, Charles Henry  |e author  |9 582908 
245 1 0 |a Advanced calculus of several variables 
250 |a 1a. ed 
300 |a 457 p 
942 |c BK 
945 |d 20151112 20:22:00  |a dcastane 
260 |a Nueva York  |b Dover Publications, Inc.  |c 1973 
650 0 |a Funciones (Matemáticas)  |9 338128 
650 0 |a Ecuaciones integrales   |9 270067 
650 0 |a Ecuaciones diferenciales  |9 260083 
650 7 |a CALCULO AVANZADO  |2 CL-VaPUC  |9 360209 
583 |a last modification  |c 20151112 20:22:00  |k Rodrigo Vera 
490 0 |a Dover Books on Mathematics 
999 |c 361564  |d 361562 
952 |0 0  |1 0  |3 erb  |4 0  |6 515_200000000000000_EDW_1973  |7 0  |8 A  |9 472154  |a BIBMAT  |b BIBMAT  |i 5247837  |o 515.2 EDW 1973  |p 5247837  |r 2025-01-07  |w 2019-11-24  |y BK  |z Catalogado en:20151112  |k MAT